The role of community mindedness in the self-regulation of drug cultures : a case study from the Shetland Islands / (Record no. 290500)
[ view plain ]
| 000 -LEADER | |
|---|---|
| fixed length control field | 00487nam a2200133Ia 4500 |
| 008 - FIXED-LENGTH DATA ELEMENTS--GENERAL INFORMATION | |
| fixed length control field | 160209s9999 xx 000 0 und d |
| 100 ## - MAIN ENTRY--PERSONAL NAME | |
| Personal name | Stallwitz, A. |
| 245 #4 - TITLE STATEMENT | |
| Title | The role of community mindedness in the self-regulation of drug cultures : a case study from the Shetland Islands / |
| 245 ## - TITLE STATEMENT | |
| Statement of responsibility, etc | A. Stallwitz,. |
| 260 ## - PUBLICATION, DISTRIBUTION, ETC. (IMPRINT) | |
| Name of publisher, distributor, etc | Springer Science+Business Media. |
| 260 ## - PUBLICATION, DISTRIBUTION, ETC. (IMPRINT) | |
| Date of publication, distribution, etc | 2012 |
| 650 ## - SUBJECT ADDED ENTRY--TOPICAL TERM | |
| General subdivision | Self-regulation. |
| 856 ## - ELECTRONIC LOCATION AND ACCESS | |
| Uniform Resource Identifier | <a href="http://www.oapen.org/search?identifier=418016;keyword=psychology">http://www.oapen.org/search?identifier=418016;keyword=psychology</a> |
| Withdrawn status | Lost status | Damaged status | Home library | Current library | Date acquired | Total Checkouts | Date last seen | Price effective from | Koha item type |
|---|---|---|---|---|---|---|---|---|---|
| College Library | College Library | 02/09/2016 | 02/09/2016 | 02/09/2016 | Curriculum - Based eBooks |